Devises nationales - Europe - Statistiques

Statistiques générales
  • Ce quiz a été pris 20 fois
  • Le résultat moyen est 5 sur 27
Statistiques - réponses
Hint Réponse % Correct
« La religion des ... est l'Albanité » Albanie
95%
« Liberté, Égalité, Fraternité » France
70%
"Trabalho, Família, Disciplina" Portugal
50%
« Dieu et mon droit » Royaume-Uni
40%
« L'union fait la force » Belgique
30%
« Unie dans la diversité » Union européenne
30%
« Pour Dieu, le Prince et la Patrie » Liechtenstein
15%
« Dieu, honneur et patrie » Pologne
15%
« Unité et Droit et Liberté » Allemagne
10%
« L'aide de Dieu, l'amour du peuple, la force du ... » Danemark
10%
« Encore au-delà » ou « Encore plus loin » Espagne
10%
« La liberté ou la mort » Grèce
10%
« Nous voulons rester ce que nous sommes » Luxembourg
10%
« Je maintiendrai » Pays-bas
10%
« Seule l'unité sauvera les ... » Serbie
10%
« Un pour tous, tous pour un » Suisse
10%
"L'avenir est entre nos mains, ... est dans nos cœurs" Autriche
5%
« L'union fait la force » Bulgarie
5%
« Avec l’aide de Dieu » Monaco
5%
« La vérité triomphe » République tchèque
5%
« Liberté » Saint-Martin
5%
« L'unité fait la force » Andorre
0%
« La force est dans l'unité » Géorgie
0%
« Par le courage et la constance » Malte
0%
« Tout pour la ... » Norvège
0%
« Toujours pour la ... » ou « Pour la ..., en notre temps » Suède
0%
"Gloire à ..." Ukraine
0%
Aucun quiz correspondant
Distribution des résultats
% des personnes avec chaque résultat
Percentile par nombre de réponses
Votre historique - résultats
Vous n’avez pas pris ce quiz